=LDR 00000nam 2200000 4500 =001 NUTBA000000000001519 =005 20140430131105.0 =006 =007 =008 =035 ##$$a 0010-041400000000789 =040 ##$$a NBPDMAT =082 ##$$a 372.7 =090 ##$$a 372.7 Ism e =100 ##$$a Ismadi, Janu =245 ##$$a Ensiklopedia matematika pembagian / Janu Ismadi =260 ##$$a Bandung : Azka Mulia Media, 2006 =300 ##$$a v, 26 hlm : ilus; 30 cm =650 ##$$a Matemtika - Pelajaran =850 ##$$a NBPDMAT =990 ##$$a 21195634/BPAP-NTB/2014